000 01120nam a2200241 a 4500
001 BRCA_979
005 20190320203229.0
008 910730s1996 mx-a---##c---#000-0#spa-#
040 _aDLC
_cDLC
041 _aspaengfre
044 _amx
050 4 _aNC1807.M4
_b.B54 4
_c1996
245 1 0 _a4 [i.e. Cuarta] Bienal Internacional del Cartel en México, 1996 = Fourth International Biennial of the Poster in Mexico, 1996 = Quatrieme Biennale Internationale de L´Affiche au Mexique.
260 _aMéxico
_bTrama Visual AC : Fondo Nacional para la Cultura y las Artes : UAM
_c1996
300 _a201 p.
_bil. (algunas a color)
_c28 cm.
_ePrograma de actividades
500 _aCatálogo de la exposición realizada en el Museo Franz Mayer (Ciudad de México), 17 octubre, 1996
546 _aTexto en : español, inglés y francés
650 1 4 _aCarteles
_vConcursos
_xDiseño
_zMéxico
_93224
650 1 4 _aDiseñadores gráficos
_vExposiciones
_zMéxico
_93225
740 0 _aFourth International Biennial of the Poster in Mexico, 1996
740 0 _aQuatrieme Biennale Internationale de L´Affiche au Mexique
942 _2lcc
_cB
999 _c863
_d863